Statistics for Nigahiga Word Scramble Easy

Click here to take the quiz!

General Stats

  • This quiz has been taken 19 times
  • The average score is 7 of 20

Answer Stats

HintAnswer% Correct
palmLamp
81%
eeetheTeehee
69%
fof het lpliOff The Pill
56%
cnei sgyuNice Guys
50%
anijn kmelNinja Melk
50%
lilw nad gger woshWill and Greg Show
44%
gpe atnpsPeg Pants
38%
gib uinbocng aaeilfbtnl ernge abllBig Bouncing Inflatable Green Ball
38%
ared anryDear Ryan
38%
naes iiouhsyjfSean Fujiyoshi
31%
ecnamorbBromance
31%
okzsitSkitzo
31%
epuoksrarParkourse
25%
ooooawhhsmShamWOOHOO
25%
rredkciDerrick
25%
nustri reeibhRustin Hieber
25%
gaivthHigaTV
25%
ealmyrMarley
19%
lyslapfSpyfall
13%
tiaompMAPOTI
13%

Score Distribution

Percentile by Number Answered

Percent of People with Each Score

Your Score History

You have not taken this quiz